World of Warships - American Ships - Statistics

General Stats
  • This quiz has been taken 11 times
  • The average score is 51 of 130
Answer Stats
Hint Players % Correct
IX Iowa
90%
VIII Alabama B
80%
IX Alaska B
80%
VII Atlanta B
80%
IX Black B
80%
VII Colorado
80%
IX Kearsarge B
80%
VIII Massachusetts B
80%
VIII Saipan B
80%
VII Sims B
80%
X Des Moines
70%
X Montana
70%
VIII North Carolina
70%
V Omaha
70%
III South Carolina
70%
IX Alaska
60%
II Chester
60%
I Erie
60%
X Gearing
60%
IV Phoenix
60%
V Texas
60%
XI United States
60%
X Wisconsin
60%
IV Wyoming
60%
VIII Alabama
50%
VIII Alabama ST
50%
X Balao
50%
VIII Benson
50%
VI Farragut
50%
IX Fletcher
50%
IX Georgia
50%
VI Independence
50%
VIII Kansas
50%
X Louisiana
50%
VII Mahan
50%
IX Minnesota
50%
VI New Mexico
50%
V New York
50%
V Nicholas
50%
X Ohio
50%
II Sampson
50%
III St. Louis
50%
X Vermont
50%
VIII AL Hornet
40%
X Archerfish
40%
VI Arizona
40%
VII Atlanta
40%
VIII Baltimore
40%
VII California
40%
IV Clemson
40%
VI Dallas
40%
IX Delaware
40%
VIII Enterprise
40%
X Essex
40%
VII Flint
40%
VII Florida
40%
X Gato
40%
VIII Hornet
40%
IX Illinois
40%
IV Langley
40%
XI Maine
40%
X Midway
40%
IX Missouri
40%
VIII Nebraska
40%
VI Pensacola
40%
VI Ranger
40%
VIII Saipan
40%
X Salem
40%
VII Sims
40%
VIII Yorktown
40%
IV Arkansas Beta
30%
IX Benham
30%
IX Black
30%
IX Buffalo
30%
X Burrows
30%
III Charleston
30%
IX Christopher
30%
VIII Cleveland
30%
X Franklin D. Roosevelt
30%
X Hawaii
30%
VII Helena
30%
IX Johnston
30%
IX Kearsarge
30%
X Laffey
30%
VIII Lexington
30%
V Marblehead
30%
VIII Massachusetts
30%
VI Monaghan
30%
VII New Orleans
30%
V Oklahoma
30%
VIII Salmon
30%
IX Seattle
30%
X Somers
30%
VIII Tennessee
30%
IX Tulsa
30%
VI West Virginia '41
30%
VII West Virginia '44
30%
III Wickes
30%
VIII AL Montpelier
20%
XI Annapolis
20%
VII Boise
20%
VI Cachalot
20%
IX Cambridge
20%
IX Halford
20%
VII Hughes
20%
X Hull
20%
VII Indianapolis
20%
XI Jacksonville
20%
XI Joshua Humphreys
20%
VIII Osborne
20%
X Rhode Island
20%
VIII Rochester
20%
VIII San Diego
20%
IX Vallejo
20%
VIII Wichita
20%
X Worchester
20%
VIII Alabama VL
10%
II Albany
10%
IX AL Kearsarge
10%
VIII Anchorage
10%
X Austin
10%
VIII Congress
10%
X Forrest Sherman
10%
IX GQ Johnny
10%
V Hill
10%
VIII Kidd
10%
V Marblehead Lima
10%
X Puerto Rico
10%
II Smith
10%
No matching quizzes found
Score Distribution
Percent of People with Each Score
Percentile by Number Answered
Your Score History
You have not taken this quiz